Čistí až na kost

EÚ zavedie environmentálne povinné ručenie firiem a živnostníkov. Budú tak poistení na ekologické škody, ktoré prípadne sami spôsobia.

Gespeichert in:
Bibliographische Detailangaben
1. Verfasser: Šmejkal, Václav
Format: Buchkapitel
Sprache:Tschechisch
Schlagworte:
Tags: Tag hinzufügen
Keine Tags, Fügen Sie das erste Tag hinzu!

MARC

LEADER 00000naa a2200000 4500
001 r048952
005 20231004071126.8
041 0 |a cze 
044 |a CZ 
245 1 0 |a Čistí až na kost  |c Václav Šmejkal 
520 |a EÚ zavedie environmentálne povinné ručenie firiem a živnostníkov. Budú tak poistení na ekologické škody, ktoré prípadne sami spôsobia. 
610 2 0 |a ochrana prostredia životného 
610 2 0 |a škody 
610 2 0 |a poistenie 
610 2 0 |a Európska únia 
100 1 |a Šmejkal, Václav